000 01349cam a22003737a 4500
003 CHAP
005 20220817043725.0
008 001025d1996 ii a r 00110 eng d
010 _a82728
011 _a83700
020 _a9290663464
035 _a94215
040 _cCHAP
080 _a635 G38
100 0 0 _aGowda, C. L. L.
245 1 0 _aCLAN Collaborative research in Asia:
_bneeds and opportunities. summary proceedings of the CLAN country coordinators' steering committee meeting
_c/by CLL Gowda and A. Ramakrishna
260 _aAndhra Pradeh, India :
_bInternational Crops Research Institute for the Semi-Arid Tropics,
_c1996
300 _a125 p. :
_bilus. ; tablas
590 _aBATCH-UPD
_b10
_c20130110
_lUCH01
_h0325
590 _aBATCH-UPD
_b10
_c20130110
_lUCH01
_h1910
590 _aBATCH-UPD
_b10
_c20130409
_lUCH01
_h2358
590 _aBATCH-UPD
_b10
_c20130914
_lUCH01
_h0915
590 _aCONVERSION
_b10
_c20130109
_lUCH01
_h1346
650 1 4 _aCereales
_xAsia.
_921387
650 1 4 _aCereales
_xInvestigación.
_921429
650 1 4 _aHorticultura
_xAsia.
_956298
650 1 4 _aLegumbres
_xAsia.
_965684
650 1 4 _aLegumbres
_xInvestigación.
_965734
700 0 _aRamakrishna, A.
_993803
901 _aBK
905 _aMarco A. Mendoza t.
942 _cLIBRO
949 _a635 G38
_bBC
_cLIBRO
_d33724000784955
_eLIBRO
_h94904
_i94215
_si
999 _c82728
_d82728